|
|
|
|
| LEADER |
00000cam a2200000 7i4500 |
| 001 |
0000006451 |
| 002 |
000006963 |
| 005 |
20000330.0 |
| 020 |
|
|
|a 9836224351
|
| 090 |
0 |
0 |
|a F
|b CHE
|
| 100 |
0 |
|
|a Che Jamilah A. Rahman
|
| 245 |
1 |
0 |
|a Hujung jurang
|c Che Jamilah A. Rahman
|
| 260 |
|
|
|a Kuala Lumpur :
|b DBP ,
|c 1991
|
| 300 |
|
|
|a 143 p. ;
|c 18 cm.
|
| 650 |
0 |
0 |
|a General fiction, Malay
|
| 999 |
|
|
|a 039637
|b BUKU
|c PINJAMAN
|e PERPUSTAKAAN KOMUNITI PETALING JAYA
|
| 999 |
|
|
|a 039638
|b BUKU
|c PINJAMAN
|e PERPUSTAKAAN KOMUNITI PETALING JAYA
|
| 999 |
|
|
|a 039796
|b BUKU
|c PINJAMAN
|e PERPUSTAKAAN KOMUNITI PETALING JAYA
|